000 00783nam a22001697a 4500
005 20251108170858.0
008 250721s1997 xx 000 0 ara d
082 1 4 _a213/حجر
100 1 _aإبن حجر العسقلاني، شهاب الدين أبو الفضل أحمد
245 1 0 _aالإمتاع بالأربعين المتباينة السماع و يليه أسئلة من خط الشيخ العسقلاني و الجواب عليها جمع شيخ الإسلام القسطلاني /
264 1 _aبيروت :
_bدار الكتب العلمية،
_c1997.
300 _a135ص
650 1 7 _aالحديث الشريف
700 1 _aالشافعي، أبو عبد الله محمد حسن محمد حسن إسماعيل
_eتحقيق
942 _2ddc
_cBK
999 _c51148
_d51148